Obra poètica en vers i en prosa i obra poètica dispersa / J. V. Foix ; pròlegs d'Albert Manent i de Gabriel Ferrater
Descripción Física:
848 p. ; 23 cm
MARC
| LEADER | 00000nam a2200000Ia 4500 | ||
|---|---|---|---|
| 001 | 12630 | ||
| 003 | BGR | ||
| 005 | 20260324175344.0 | ||
| 008 | 160829s2000 xx 000 0 cat d | ||
| 080 | |a L-1-64 | ||
| 100 | |a Foix, J. V. |9 20070 | ||
| 245 | |a Obra poètica en vers i en prosa i obra poètica dispersa / J. V. Foix ; pròlegs d'Albert Manent i de Gabriel Ferrater | ||
| 260 | |a Barcelona : |b Edicions 62 : |b Diputació de Barcelona, |c 2000 | ||
| 300 | |a 848 p. ; |c 23 cm | ||
| 490 | |a Clàssics catalans ; Obres completes de J. V. Foix ; volum 1 | ||
| 590 | |a Text establert d'acord amb la Fundació J. V. Foix, amb notes explicatives i complementàries de Jordi Cornudella | ||
| 700 | |a Manent, Albert, pr. |9 28789 | ||
| 700 | |a Ferrater, Gabriel |9 27480 | ||
| 700 | |a Cornudella, Jordi, pr. I |9 28791 | ||
| 710 | 1 | |a Barcelona (Catalunya : Província). |b Diputació |9 52408 | |
| 710 | 2 | |a Fundació J. V. Foix |9 70915 | |
| 901 | |a Arxiu | ||
| 942 | |n 1 |2 udc |c MON | ||
| 952 | |0 0 |1 0 |4 0 |6 L164 |7 1 |9 44940 |a Arxiu |b Arxiu |d 2016-12-01 |l 0 |o L-1-64 |p 12630 |r 2016-12-01 00:00:00 |w 2016-12-01 |y ARXIU | ||
| 999 | |c 47539 |d 47539 | ||